Statistics for Countries Bordering Countries of Similar Size

Click here to take the quiz!

General Stats

  • This quiz has been taken 36 times
  • The average score is 4 of 6

Answer Stats

COUNTRY % Correct
Sweden
82%
South Korea
70%
Haiti
61%
Dominican Republic
61%
Canada
61%
Namibia
30%

Score Distribution

Percentile by Number Answered

Percent of People with Each Score

Your Score History

You have not taken this quiz